Synthesis and characterisation of rare-earth metal doped nanomaterials (Record no. 393573)

MARC details
000 -LEADER
fixed length control field 00439nam a2200157 4500
005 - DATE & TIME
control field 20251001123650.0
008 - FIXED-LENGTH DATA ELEMENTS--GENERAL INFORMATION
fixed length control field 251001b |||||||| |||| 00| 0 eng d
040 ## - CATALOGING SOURCE
Original cataloging agency VIVEKANANDA LIBRARY
082 ## - DDC NUMBER
Classification number 539
Book Number M289S
245 ## - TITLE STATEMENT
Title Synthesis and characterisation of rare-earth metal doped nanomaterials
260 ## - PUBLICATION, DISTRIBUTION, ETC. (IMPRINT)
Name of publisher, distributor, etc Department of Physics, M D University, Rohtak
Date of publication, distribution, etc 2025
300 ## - PHYSICAL DESCRIPTION
Pages xi, 188
650 ## - Subject
Subject Physics
700 ## - Added Entry Personal Name
Added Entry Personal Name Punia, Rajesh
942 ## - ADDED ENTRY ELEMENTS (KOHA)
Koha item type Thesis
Holdings
Withdrawn status Lost status Source of classification or shelving scheme Damaged status Not for loan Location (home branch) Sublocation or collection (holding branch) Shelving location Date acquired Koha issues (times borrowed) Koha full call number Accession No. Koha date last seen Copy number Koha item type
    Dewey Decimal Classification     VIVEKANANDA LIBRARY VIVEKANANDA LIBRARY Vivekananda Library 01/10/2025   539 M289S 411212 01/10/2025 R Thesis
© Designed and Maintained by Vivekananda Library, MDU Rohtak